书目信息 |
| 题名: |
媒介与奥运
|
|
| 作者: | 柯惠新 , 王兰柱 著 | |
| 分册: | ||
| 出版信息: | 北京 中国传媒大学出版社 2010 |
|
| 页数: | 377页 | |
| 开本: | 26cm | |
| 丛书名: | 媒介市场调查与研究丛书 | |
| 单 册: | ||
| 中图分类: | G206.2 , G219.271 | |
| 科图分类: | ||
| 主题词: | 奥运会--关系--传播媒介--研究--北京 , 奥运会 , 传播媒介 | |
| 电子资源: | ||
| ISBN: | 978-7-81127-824-8 | |
| 000 | 01330oam2 2200325 45 | |
| 001 | 1130737531 | |
| 005 | 20110310091949.93 | |
| 010 | @a978-7-81127-824-8@dCNY68.00 | |
| 100 | @a20110121d2010 em y0chiy50 ea | |
| 101 | 0 | @achi |
| 102 | @aCN@b110000 | |
| 105 | @ay z 000yy | |
| 106 | @ar | |
| 200 | 1 | @a媒介与奥运@AMei Jie Yu Ao Yun@dMedia & the Olympics@e一个传播效果的实证研究(北京奥运篇)@EYi Ge Chuan Bo Xiao Guo De Shi Zheng Yan Jiu ( Bei Jing Ao Yun Pian )@f柯惠新,王兰柱等著@FKe Hui Xin, Wang Lan Zhu Deng Zhu@zeng |
| 210 | @a北京@c中国传媒大学出版社@d2010 | |
| 215 | @a377页@d26cm | |
| 225 | 2 | @a媒介市场调查与研究丛书 |
| 330 | @a本书包括媒介与奥运研究的发展历程、北京奥运会传播策略、北京奥运会媒体传播格局、北京奥运会受众认知及媒介接触行为、北京奥运会媒介传播效果等章节。 | |
| 461 | 0 | @12001 @a媒介市场调查与研究丛书 |
| 510 | 1 | @aMedia & the Olympics@zeng |
| 517 | 1 | @a一个传播效果的实证研究(北京奥运篇)@AYi Ge Chuan Bo Xiao Guo De Shi Zheng Yan Jiu ( Bei Jing Ao Yun Pian ) |
| 606 | 0 | @a奥运会@x关系@x传播媒介@x研究@y北京 |
| 606 | 0 | @a奥运会 |
| 606 | 0 | @a传播媒介 |
| 690 | @aG206.2@v4 | |
| 690 | @aG219.271@v4 | |
| 701 | 0 | @a柯惠新@AKe Hui Xin@c(女,@f1945.4~)@4著 |
| 701 | 0 | @a王兰柱@AWang Lan Zhu@f(1964~)@4著 |
| 801 | 0 | @aCN@bTANGWEI@c20110310 |
| 905 | @b0531902-05@dG206.2@e428@f4 | |
| 媒介与奥运=Media & the Olympics:一个传播效果的实证研究(北京奥运篇)/柯惠新,王兰柱等著.-北京:中国传媒大学出版社,2010 |
| 377页;26cm.-(媒介市场调查与研究丛书) |
| ISBN 978-7-81127-824-8:CNY68.00 |
| 本书包括媒介与奥运研究的发展历程、北京奥运会传播策略、北京奥运会媒体传播格局、北京奥运会受众认知及媒介接触行为、北京奥运会媒介传播效果等章节。 |
| ● |
| 相关链接 |
|
|
|
|
正题名:媒介与奥运
索取号:G206.2/428
 
预约/预借
| 序号 | 登录号 | 条形码 | 馆藏地/架位号 | 状态 | 备注 |
| 1 | 0531902 | 205319029 | 第一样本阅览室/ [索取号:G206.2/428] | 在馆 | |
| 2 | 0531903 | 205319038 | 密集书库-文学院/ [索取号:G206.2/428] | 在馆 | |
| 3 | 0531904 | 205319047 | 第四借阅区/ [索取号:G206.2/428] | 在馆 | |
| 4 | 0531905 | 205319056 | 第四借阅区/ [索取号:G206.2/428] | 在馆 |